Economics of the soviet fishing industry
Сохранить в:
| Главный автор: | |
|---|---|
| Формат: | |
| Язык: | английский |
| Опубликовано: |
Jerusalén
Israel Program for Scientific Translations
1974
|
| Предметы: | |
| Метки: |
Добавить метку
Нет меток, Требуется 1-ая метка записи!
|
MARC
| LEADER | 00000nam a2200000 a 4500 | ||
|---|---|---|---|
| 001 | UCY3368 | ||
| 003 | CL-VaPUC | ||
| 008 | 941222e19740000IS |||||||||||||||||eng|d | ||
| 082 | 0 | 4 | |a 338.3727 |b SYS |2 21 |
| 100 | 0 | |a Sysoev, N. P |e author |9 331633 | |
| 245 | 1 | 0 | |a Economics of the soviet fishing industry |
| 300 | |a 386 p | ||
| 942 | |c BK | ||
| 945 | |d 19941222 00:00:00 |a mfernand | ||
| 260 | |a Jerusalén |b Israel Program for Scientific Translations |c 1974 | ||
| 650 | 7 | |a INDUSTRIA PESQUERA ASPECTOS ECONOMICOS |2 CL-VaPUC |9 329278 | |
| 583 | |a last modification |c 19941222 00:00:00 |k Rodrigo Vera | ||
| 999 | |c 231523 |d 231521 | ||